LEADER 00646nab a2200145 i 4500 001 000000277865 003 CaOOAMICUS 005 20120605000000.0 008 120605n xx uu u0 0und r 013 $a28502 040 $aSeMil$bita 245 10$aSettimana dal 28 maggio al 3 giugno. - [90] p. - Titolo dalla copertina. - In copertina :$bServizi disponibili in rete. 500 $a[N. 2006-2007]. 773 0 $t[2012.$dRoma : Società per l'Informazione Religiosa (SIR), stampa 2012.$w()216014 996 $6245$aSettimana dal 28 maggio al 3 giugno. - [90] p. - Titolo dalla copertina. - In copertina :$bServizi disponibili in rete.$9(OLS)http://semarc/title/362464 LEADER 01107nam a2200289 i 4500 001 000000219825 003 CaOOAMICUS 005 20130412000000.0 008 130412s1999 it u000 u ger u 013 $a198722 020 $a3-451-04721-7 040 $aSeMil$bita 100 1 $aMaier, Hans.$0(OLS)http://semarc/name/21375 245 10$aWelt ohne Christentum - was wäre anders? /$cHans Maier. 260 $aFreiburg [etc.] :$bHerder,$c1999. 300 $a191 p. ;$c19 cm. 490 0 $aHerder Spektrum ;$v4721 500 $aFondo card. C. M. Martini. 650 4$aCristianesimo.$0(OLS)http://semarc/subject/425 830 0$aHerder Spektrum ;$v4721.$0(OLS)http://semarc/title/10217 850 $aSeMil 852 $aSeMil$W1$xVenegono$y1$m2D I 388$j170186$B170186$CSeMilBibl$Z2$F182269 $81 941 1 $a4 961 $aLascito: Martini Card. Carlo Maria 996 $6020$a3-451-04721-7$9(OLS)http://semarc/number/218110 996 $6245$aWelt ohne Christentum - was wäre anders?$9(OLS)http://semarc/title/315357 996 $6260$aFreiburg [etc.] :$bHerder$9(OLS)http://semarc/publisher/29649